000 00695nam a2200181 a 4500
001 000038526
005 20201002031303.0
008 130412s2012 dr ac 000 0 spa d
020 _a9789945453232
040 _aDO-SdBNP
_bspa
_cBNPHU
100 1 _aCuevas, Juliao
_964873
245 1 0 _aLiteratura infantil para la imaginación y el pensamiento crítico :
_b(métodos y técnicas para su uso) /
_cJulio Cuevas ; editor Rafael Paulino ; prólogo Juan Byrón.
260 _aSanto Domingo :,
_c2012.
300 _a92 p. :
_bil. ;
_c21 cm.
500 _aIncluye datos biográfico del autor en la solapa de la cubierta
700 1 2 _aPaulino, Rafael
_eed.
_917485
700 1 2 _aByrón, Juan
_epról.
_91545
999 _c38016
_d38016